000 00654cam a22002293a 4500
001 12879
003 PGUSA
005 20140828083258.0
008 040710s2004||||xxu|||||s|||||000 | eng d
040 _aPGUSA
_beng
042 _adc
050 4 _aPN
245 1 0 _aVoices for the Speechless :
_bSelections for Schools and Private Reading
_h[electronic resource]
260 _bProject Gutenberg,
_c2004
506 _aPublic domain in the USA.
516 _aElectronic text
653 _aAnimal welfare
700 1 _aFirth, Abraham,
_d1818-1886
830 0 _aProject Gutenberg
_v12879
856 4 0 _uhttp://www.gutenberg.org/ebooks/12879
942 _cEB
999 _c242134
_d242134